header

Agricultural research policy in an era of privatization (Record no. 137977)

MARC details
000 -LEADER
fixed length control field 01603nam a22003374a 4500
082 04 - DEWEY DECIMAL CLASSIFICATION NUMBER
Classification number 630/.7/2
245 00 - TITLE STATEMENT
Title Agricultural research policy in an era of privatization
260 ## - PUBLICATION, DISTRIBUTION, ETC. (IMPRINT)
Place of publication Wallingford, Oxon, UK ;
-- New York, NY, USA :
Name of publisher CABI Pub.,
Year of publication c2002.
300 ## - PHYSICAL DESCRIPTION
Number of Pages xix, 300 p. :
Other physical details ill.
500 ## - GENERAL NOTE
General note Based on papers from a symposium held in conjunction with the 24th Conference of the International Association of Agricultural Economists, in Berlin, Aug. 12-19, 2000. With additional material.
650 #0 - SUBJECT ADDED ENTRY--TOPICAL TERM
Topical Term Agriculture
700 1# - ADDED ENTRY--PERSONAL NAME
Personal name Byerlee, Derek.
Personal name Echeverr?ia, Ruben G.
856 40 - ELECTRONIC LOCATION AND ACCESS
Uniform Resource Identifier http://site.ebrary.com/lib/rucke/Doc?id=10173492

No items available.

© 2026 Rongo University
Contact us: librarian | system librarian | Rongo university